000 00505nam a22001577a 4500
999 _c14921
_d14921
003 OSt
005 20200206175440.0
008 200131b ||||| |||| 00| 0 eng d
040 _c2
082 _aDPer 050 Dec 2015-Mar 2016 T48 v186-187
100 _941448
_aGregory, Sean.
245 _aThe favela residents who won't make room for the Olympics/
_cSean Gregory.
260 _aNew York:
_bTime Inc.,
_c©Dec 2015-Mar 2016.
300 _av187 n2, page 24-25:
_billustrations;
_c27 cm.
942 _2ddc
_cPER